Financial management for the hospitality, tourism and leisure industries (Record no. 43394)

MARC details
000 -LEADER
fixed length control field 00548nam a2200145 a 4500
008 - FIXED-LENGTH DATA ELEMENTS--GENERAL INFORMATION
fixed length control field 120416s0000 ||||||||||||||||| || u
020 ## - INTERNATIONAL STANDARD BOOK NUMBER
International Standard Book Number 0333585283
050 ## - LIBRARY OF CONGRESS CALL NUMBER
Classification number HG 4011 Mes
100 ## - MAIN ENTRY--PERSONAL NAME
Personal name Messenger, Sally
245 10 - TITLE STATEMENT
Title Financial management for the hospitality, tourism and leisure industries
260 ## - PUBLICATION, DISTRIBUTION, ETC.
Place of publication, distribution, etc. Houndmills
Name of publisher, distributor, etc. Macmillan
Date of publication, distribution, etc. 1983
300 ## - PHYSICAL DESCRIPTION
Extent xix, 284p. : ill.
350 ## - PRICE (NR) (BK AM CF MU VM SE) [OBSOLETE]
Price 0.00
995 ## - RECOMMENDATION 995 [LOCAL, UNIMARC FRANCE]
-- 0.00
-- CBU-MAIN LIBRARY (Kitwe)
-- 1
-- 9000.00
-- 1
-- AVAILABLE
-- Annex Low-Usage Collection
Holdings
Withdrawn status Lost status Source of classification or shelving scheme Damaged status Not for loan Home library Current library Shelving location Date acquired Total Checkouts Full call number Barcode Date last seen Price effective from Koha item type
          CBU-MAIN LIBRARY, KITWE. CBU-MAIN LIBRARY, KITWE.   11/30/2022   HG 4011 Mes 007255 11/30/2022 11/30/2022 MONOGRAPH